000
00480nam a2200181Ia 4500
008
090124s9999 xx 000 0 und d
082
_b
30096
100
_a
राजे शैलजा
245
_a
इभ्रत
250
_a
0
260
_b
अमोल प्रकाशन
_c
1991
300
_a
153
600
_a
राजे शैलजा
630
_a
इभ्रत
700
_a
राजे शैलजा
730
_a
इभ्रत
942
_c
BOOK
999
_c
95818
_d
95818